Jeux de mots - Astérix et Obélix - Statistiques

Statistiques générales
  • Ce quiz a été pris 847 fois
  • Le résultat moyen est 16 sur 20
Statistiques - réponses
Personnage Jeu de mots % Correct
Assurancetourix Assurance tous risques
97%
Ordralfabétix Ordre alphabétique
96%
Cetautomatix C'est automatique
95%
Astérix Astérisque
93%
Obélix Obélisque
93%
Kefelapolis Que fait la police ?
93%
Sciencinfus Science infuse
90%
Mavubès Ma vue baisse
89%
Mac Rampe Ma crampe
85%
Mac Lop Ma clope
84%
Lefricséchix Le fric c'est chic
83%
Anglaigus Angle aigu
82%
Panoramix Panoramique
80%
Mac Oloch Ma coloc
78%
Toutunafer Toute une affaire
78%
Nioubiznès New Business
77%
Mac Atrell Ma 4L
75%
Mac Keul Ma gueule
62%
Mac Abbeh Macchabée
51%
Meïdinazix Made in Asie
36%
Aucun quiz correspondant
Distribution des résultats
% des personnes avec chaque résultat
Percentile par nombre de réponses
Votre historique - résultats
Vous n’avez pas pris ce quiz